Online katalóg knižníc regiónu Turca

Výber z diela IV (Record no. 21395)

MARC details
000 -LEADER
fixed length control field 03689cam a2200865 a 4500
001 - CONTROL NUMBER
control field 21395
003 - CONTROL NUMBER IDENTIFIER
control field VRT
005 - DATE AND TIME OF LATEST TRANSACTION
control field 20260228133708.0
008 - FIXED-LENGTH DATA ELEMENTS--GENERAL INFORMATION
fixed length control field 251029s1954 xo gr 0000d slo c
015 ## - NATIONAL BIBLIOGRAPHY NUMBER
National bibliography number SNBA1954
020 ## - INTERNATIONAL STANDARD BOOK NUMBER
Qualifying information (viazané)
035 ## - SYSTEM CONTROL NUMBER
System control number SNK000241697
035 ## - SYSTEM CONTROL NUMBER
System control number urn:nbn:sk:snk-am3i71e
035 ## - SYSTEM CONTROL NUMBER
System control number D20DD5A3-0655-4D34-887D-457ECCDEF294
035 ## - SYSTEM CONTROL NUMBER
System control number urn:nbn:sk:snk-am00dqne
039 #9 - LEVEL OF BIBLIOGRAPHIC CONTROL AND CODING DETAIL [OBSOLETE]
Level of rules in bibliographic description 202510290925
Level of effort used to assign nonsubject heading access points VLOAD
Level of effort used to assign subject headings 202403251008
Level of effort used to assign classification maubb02
Level of effort used to assign subject headings 202310250922
Level of effort used to assign classification ssvkbb03
Level of effort used to assign subject headings 202304031944
Level of effort used to assign classification VLOAD
040 ## - CATALOGING SOURCE
Original cataloging agency SNK
Language of cataloging slo
Transcribing agency SNK
Modifying agency AUBB
Description conventions AACR2
041 0# - LANGUAGE CODE
Language code of text/sound track or separate title slo
044 ## - COUNTRY OF PUBLISHING/PRODUCING ENTITY CODE
MARC country code xo
ISO country code SK
072 #7 - SUBJECT CATEGORY CODE
Subject category code 821.162.4
Subject category code subdivision Slovenská literatúra
Source konspekt
072 #7 - SUBJECT CATEGORY CODE
Subject category code 821.162.4-2
Subject category code subdivision Slovenská dráma
Source konspekt
080 ## - UNIVERSAL DECIMAL CLASSIFICATION NUMBER
Universal Decimal Classification number 821.162.4-2
Edition identifier 2011
080 ## - UNIVERSAL DECIMAL CLASSIFICATION NUMBER
Universal Decimal Classification number (0:82-2)
Edition identifier 2011
080 ## - UNIVERSAL DECIMAL CLASSIFICATION NUMBER
Universal Decimal Classification number (082)
Edition identifier 2011
100 1# - MAIN ENTRY--PERSONAL NAME
Personal name Záborský, Jonáš,
Dates associated with a name 1812-1876
Relationship aut
245 10 - TITLE STATEMENT
Title Výber z diela IV
Statement of responsibility, etc. Jonáš Záborský ; výber sostavil Rudolf Mrlian ; pripravila, bibliografické poznámky a poznámky k textovej úprave napísala Viera Bunčáková ; vysvetlivkami opatril Ján V. Ormis
246 30 - VARYING FORM OF TITLE
Title proper/short title Výber z diela v štyroch sväzkoch
250 ## - EDITION STATEMENT
Edition statement 1. vydanie
260 ## - PUBLICATION, DISTRIBUTION, ETC.
Place of publication, distribution, etc. Bratislava
Name of publisher, distributor, etc. Slovenské vydavateľstvo krásnej literatúry
Date of publication, distribution, etc. 1954
Place of manufacture Ružomberok
Manufacturer Severoslovenské tlačiarne
300 ## - PHYSICAL DESCRIPTION
Extent 548 strán
Dimensions 21 cm
366 ## - TRADE AVAILABILITY INFORMATION
Note 3000 kusov
490 1# - SERIES STATEMENT
Series statement Odkazy našej klasiky
Volume/sequential designation 9. sväzok
490 1# - SERIES STATEMENT
Series statement Jonáš Záborský: Výber z diela v štyroch zväzkoch
500 ## - GENERAL NOTE
General note Obsahuje 6 drám
504 ## - BIBLIOGRAPHY, ETC. NOTE
Bibliography, etc. note Obsahuje bibliografické poznámky a vysvetlivky
600 17 - SUBJECT ADDED ENTRY--PERSONAL NAME
Personal name Mrlian, Rudolf,
Dates associated with a name 1916-2010
Title of a work Dramatická tvorba Jonáša Záborského
Source of heading or term SNKMA
655 #7 - INDEX TERM--GENRE/FORM
Genre/form data or focus term slovenské drámy
Source of term SNKPH
655 #7 - INDEX TERM--GENRE/FORM
Genre/form data or focus term divadelné hry
Source of term SNKPH
655 #7 - INDEX TERM--GENRE/FORM
Genre/form data or focus term výbery
Source of term SNKPH
655 #7 - INDEX TERM--GENRE/FORM
Genre/form data or focus term Slovak drama
Source of term SNKPHeng
655 #7 - INDEX TERM--GENRE/FORM
Genre/form data or focus term Theatre plays
Source of term SNKPHeng
655 #7 - INDEX TERM--GENRE/FORM
Genre/form data or focus term Selections
Source of term SNKPHeng
700 1# - ADDED ENTRY--PERSONAL NAME
Personal name Bunčáková, Viera,
Dates associated with a name 1920-2003
Relationship edt
-- red
-- lso
700 1# - ADDED ENTRY--PERSONAL NAME
Personal name Ormis, Ján Vladimír,
Dates associated with a name 1903-1993
Relationship aut
700 1# - ADDED ENTRY--PERSONAL NAME
Personal name Mrlian, Rudolf,
Dates associated with a name 1916-2010
Relationship com
700 1# - ADDED ENTRY--PERSONAL NAME
Personal name Korčián, Miroslav,
Dates associated with a name 1920-
Relationship bjd
740 02 - ADDED ENTRY--UNCONTROLLED RELATED/ANALYTICAL TITLE
Uncontrolled related/analytical title Ubitie Dimitrija
740 02 - ADDED ENTRY--UNCONTROLLED RELATED/ANALYTICAL TITLE
Uncontrolled related/analytical title Ocárenie Godunova
740 02 - ADDED ENTRY--UNCONTROLLED RELATED/ANALYTICAL TITLE
Uncontrolled related/analytical title Lžedimitrij v Poľsku
740 02 - ADDED ENTRY--UNCONTROLLED RELATED/ANALYTICAL TITLE
Uncontrolled related/analytical title Pád Godunovcov
740 02 - ADDED ENTRY--UNCONTROLLED RELATED/ANALYTICAL TITLE
Uncontrolled related/analytical title Dóža
740 02 - ADDED ENTRY--UNCONTROLLED RELATED/ANALYTICAL TITLE
Uncontrolled related/analytical title Ďordie Čierny
800 1# - SERIES ADDED ENTRY--PERSONAL NAME
Personal name Výber z diela v štyroch zväzkoch
Title of a work Výber z diela v štyroch zväzkoch
830 #0 - SERIES ADDED ENTRY--UNIFORM TITLE
Uniform title Odkazy našej klasiky
910 ## - USER-OPTION DATA (OCLC)
User-option data snk
942 ## - ADDED ENTRY ELEMENTS (KOHA)
Source of classification or shelving scheme Dewey Decimal Classification
Koha item type Krásna literatúra pre dospelých
Suppress in OPAC No
949 ## - LOCAL PROCESSING INFORMATION (OCLC)
6 3830001088200
a kurukT18/ZABO1-4
b kuruk2013/F10561
o D2013/Stredná odborná škola polytechnická DK/17.10.2013dolný index 4
949 ## - LOCAL PROCESSING INFORMATION (OCLC)
6 17A0071195
a snkSC 4891/4 D1
b snkK 2873/65
949 ## - LOCAL PROCESSING INFORMATION (OCLC)
6 17A0073807
9 P60, <04>, [BOOK], {604}
a snkSC 4891/4 D3
949 ## - LOCAL PROCESSING INFORMATION (OCLC)
6 17A0142317
9 P60, <03>, [BOOK], {603}
a snkSC 4891/4
b snk665/54
o snkI. 6004/54 - 2. ev.č.
s 6100:20190306
949 ## - LOCAL PROCESSING INFORMATION (OCLC)
6 369701000021759
a aubbD 16383
b aubbD16383
p Slovenská dráma ; Darca DÚ BL
949 ## - LOCAL PROCESSING INFORMATION (OCLC)
6 273K0446330
a svkpoB 2132/IVa
b svkpo52442
949 ## - LOCAL PROCESSING INFORMATION (OCLC)
6 273K0446338
a svkpoB 2132/IV
b svkpo46761
949 ## - LOCAL PROCESSING INFORMATION (OCLC)
6 273K0446331
a svkpoB 2132/IVb
b svkpo84851
949 ## - LOCAL PROCESSING INFORMATION (OCLC)
6 273K0442713
a svkpoB 2132/IVc
b svkpo84854
949 ## - LOCAL PROCESSING INFORMATION (OCLC)
6 369701000001224
a aubbD 1953
b aubbD1953
p Slovenská dráma
949 ## - LOCAL PROCESSING INFORMATION (OCLC)
6 3830001094282
a kurukT18/ZABO1-4
b kuruk2014/F6249
o D2014/J.M.Rydlo/
949 ## - LOCAL PROCESSING INFORMATION (OCLC)
6 273K0197678
a svkpoA 163494/IV
b svkpo403869
949 ## - LOCAL PROCESSING INFORMATION (OCLC)
6 2889011823
a savukM 8378
949 ## - LOCAL PROCESSING INFORMATION (OCLC)
6 2889063281
a savukB 32330/4
949 ## - LOCAL PROCESSING INFORMATION (OCLC)
6 270001000134308
a svkbbS 58936
b svkbbm 35667
p 35.667
949 ## - LOCAL PROCESSING INFORMATION (OCLC)
6 270001000166302
a svkbbS 58937
b svkbbm 35668
p 35.668
Holdings
Stav vyradenia Strata Poškodenie Spôsob nadobudnutia Domovská knižnica Aktuálna knižnica Dátum nadobudnutia Total checkouts Čiarový kód exemplára Date last seen Typ exemplára
      Dar Obecná knižnica Horná Štubňa Obecná knižnica Horná Štubňa 28.02.2026   4736201581 28.02.2026 Krásna literatúra pre dospelých
Projekt je podporený Slovenskou asociáciou knižníc
Prevádzkuje Turčianska knižnica Martin 2026